[Event "DEM U18w 2024"]
[Site "Willingen GER"]
[Date "2024.05.22"]
[Round "5"]
[White "Kanno, Clara Yumi"]
[Black "Görlach, Hanna"]
[Result "1-0"]
[Termination "normal"]
[Board "11"]
[WhiteElo "1736"]
[BlackElo "1578"]
[WhiteClock "00:36:19"]
[BlackClock "00:01:31"]
[PlyCount "82"]
[WhiteFideId "16259661"]
[BlackFideId "34675604"]
[EventCountry "GER"]
[EventRounds "9"]
[EventType "swiss"]
[EventDate "2024.05.18"]

1. d4 {[%clk 01:30:56]} {[%emt 00:00:04]} Nf6 {[%clk 01:30:56]} {[%emt
00:00:04]} 2. Bf4 {[%clk 01:31:17]} {[%emt 00:00:10]} g6 {[%clk 01:31:18]}
{[%emt 00:00:08]} 3. Nc3 {[%clk 01:31:32]} {[%emt 00:00:15]} Bg7 {[%clk
01:30:54]} {[%emt 00:00:53]} 4. e4 {[%clk 01:31:28]} {[%emt 00:00:35]} d6
{[%clk 01:29:45]} {[%emt 00:01:39]} 5. Qd2 {[%clk 01:30:44]} {[%emt 00:01:15]}
O-O {[%clk 01:28:35]} {[%emt 00:01:38]} 6. O-O-O {[%clk 01:30:40]} {[%emt
00:00:34]} Na6 {[%clk 01:17:24]} {[%emt 00:11:42]} 7. Bh6 {[%clk 01:25:48]}
{[%emt 00:05:22]} b6 {[%clk 01:09:51]} {[%emt 00:08:03]} 8. h4 {[%clk
01:21:10]} {[%emt 00:05:07]} c5 {[%clk 00:55:48]} {[%emt 00:14:33]} 9. d5
{[%clk 01:14:22]} {[%emt 00:07:18]} Bd7 {[%clk 00:40:06]} {[%emt 00:16:13]} 10.
Bxa6 {[%clk 01:08:54]} {[%emt 00:05:58]} Rb8 {[%clk 00:38:05]} {[%emt
00:02:31]} 11. Be2 {[%clk 01:06:01]} {[%emt 00:03:23]} b5 {[%clk 00:36:35]}
{[%emt 00:02:00]} 12. Bxg7 {[%clk 01:02:15]} {[%emt 00:04:15]} Kxg7 {[%clk
00:36:59]} {[%emt 00:00:07]} 13. h5 {[%clk 01:01:52]} {[%emt 00:00:53]} Rh8
{[%clk 00:34:30]} {[%emt 00:02:59]} 14. Qf4 {[%clk 00:52:23]} {[%emt 00:09:55]}
b4 {[%clk 00:30:15]} {[%emt 00:04:49]} 15. Nb1 {[%clk 00:49:15]} {[%emt
00:03:37]} Qa5 {[%clk 00:17:40]} {[%emt 00:13:05]} 16. hxg6 {[%clk 00:48:17]}
{[%emt 00:01:28]} hxg6 {[%clk 00:17:03]} {[%emt 00:01:08]} 17. Rxh8 {[%clk
00:48:08]} {[%emt 00:00:39]} Rxh8 {[%clk 00:16:55]} {[%emt 00:00:38]} 18. e5
{[%clk 00:46:57]} {[%emt 00:01:40]} dxe5 {[%clk 00:15:24]} {[%emt 00:02:02]}
19. Qxe5 {[%clk 00:47:07]} {[%emt 00:00:20]} Rh4 {[%clk 00:10:14]} {[%emt
00:05:37]} 20. Qg3 {[%clk 00:44:39]} {[%emt 00:02:57]} Rh8 {[%clk 00:08:33]}
{[%emt 00:02:14]} 21. Bc4 {[%clk 00:38:25]} {[%emt 00:06:43]} Bb5 {[%clk
00:03:25]} {[%emt 00:05:40]} 22. Bxb5 {[%clk 00:36:59]} {[%emt 00:01:57]} Qxb5
{[%clk 00:03:49]} {[%emt 00:00:05]} 23. Qf3 {[%clk 00:36:14]} {[%emt 00:01:14]}
Rd8 {[%clk 00:01:50]} {[%emt 00:02:30]} 24. Nh3 {[%clk 00:35:49]} {[%emt
00:00:54]} Qc4 {[%clk 00:01:15]} {[%emt 00:01:06]} 25. Qb3 {[%clk 00:35:22]}
{[%emt 00:00:56]} Qxb3 {[%clk 00:01:19]} {[%emt 00:00:27]} 26. axb3 {[%clk
00:35:24]} {[%emt 00:00:28]} Rxd5 {[%clk 00:01:36]} {[%emt 00:00:12]} 27. Rxd5
{[%clk 00:35:36]} {[%emt 00:00:19]} Nxd5 {[%clk 00:02:01]} {[%emt 00:00:05]}
28. Nd2 {[%clk 00:35:49]} {[%emt 00:00:17]} f5 {[%clk 00:02:07]} {[%emt
00:00:24]} 29. Nc4 {[%clk 00:35:38]} {[%emt 00:00:40]} Kf6 {[%clk 00:02:18]}
{[%emt 00:00:20]} 30. Ne3 {[%clk 00:35:34]} {[%emt 00:00:33]} Nc7 {[%clk
00:02:08]} {[%emt 00:00:41]} 31. Nf4 {[%clk 00:35:40]} {[%emt 00:00:23]} Ne6
{[%clk 00:01:51]} {[%emt 00:00:48]} 32. Nxe6 {[%clk 00:35:52]} {[%emt
00:00:18]} Kxe6 {[%clk 00:02:13]} {[%emt 00:00:08]} 33. Kd2 {[%clk 00:36:09]}
{[%emt 00:00:13]} f4 {[%clk 00:02:04]} {[%emt 00:00:39]} 34. Nc4 {[%clk
00:36:07]} {[%emt 00:00:31]} Kd5 {[%clk 00:02:03]} {[%emt 00:00:32]} 35. Kd3
{[%clk 00:35:59]} {[%emt 00:00:37]} e5 {[%clk 00:02:16]} {[%emt 00:00:16]} 36.
f3 {[%clk 00:35:37]} {[%emt 00:00:53]} g5 {[%clk 00:02:13]} {[%emt 00:00:33]}
37. Nd2 {[%clk 00:35:51]} {[%emt 00:00:16]} Ke6 {[%clk 00:00:46]} {[%emt
00:01:58]} 38. Kc4 {[%clk 00:35:54]} {[%emt 00:00:26]} Kf5 {[%clk 00:01:04]}
{[%emt 00:00:12]} 39. Kxc5 {[%clk 00:35:53]} {[%emt 00:00:32]} g4 {[%clk
00:01:19]} {[%emt 00:00:14]} 40. Kxb4 {[%clk 00:35:57]} {[%emt 00:00:26]} gxf3
{[%clk 00:01:31]} {[%emt 00:00:19]} 41. gxf3 {[%clk 00:36:19]} {[%emt
00:00:08]} 1-0

[Event "DEM U18w 2024"]
[Site "Willingen GER"]
[Date "2024.05.22"]
[Round "6"]
[White "Zhou, Lepu Coco"]
[Black "Sereda, Yaroslava"]
[Result "1/2-1/2"]
[Termination "normal"]
[Board "1"]
[WhiteElo "2040"]
[BlackElo "1925"]
[WhiteClock "00:10:22"]
[BlackClock "00:07:13"]
[PlyCount "63"]
[WhiteFideId "16217136"]
[BlackFideId "14178940"]
[EventCountry "GER"]
[EventRounds "9"]
[EventType "swiss"]
[EventDate "2024.05.18"]

1. e4 {[%clk 01:30:58]} {[%emt 00:00:03]} c5 {[%clk 01:30:55]} {[%emt
00:00:06]} 2. Nf3 {[%clk 01:31:24]} {[%emt 00:00:04]} Nc6 {[%clk 01:31:18]}
{[%emt 00:00:07]} 3. Bb5 {[%clk 01:31:36]} {[%emt 00:00:17]} g6 {[%clk
01:31:34]} {[%emt 00:00:14]} 4. c3 {[%clk 01:32:01]} {[%emt 00:00:05]} Bg7
{[%clk 01:31:51]} {[%emt 00:00:13]} 5. d4 {[%clk 01:32:15]} {[%emt 00:00:15]}
Qa5 {[%clk 01:31:43]} {[%emt 00:00:39]} 6. a4 {[%clk 01:25:58]} {[%emt
00:06:47]} Nxd4 {[%clk 01:30:11]} {[%emt 00:02:02]} 7. Nxd4 {[%clk 01:24:56]}
{[%emt 00:01:32]} cxd4 {[%clk 01:30:24]} {[%emt 00:00:17]} 8. O-O {[%clk
01:24:58]} {[%emt 00:00:27]} a6 {[%clk 01:24:07]} {[%emt 00:06:48]} 9. Bc4
{[%clk 01:12:02]} {[%emt 00:13:26]} Nf6 {[%clk 01:23:11]} {[%emt 00:01:26]} 10.
Qxd4 {[%clk 01:06:59]} {[%emt 00:05:33]} O-O {[%clk 01:20:59]} {[%emt
00:02:42]} 11. e5 {[%clk 01:01:46]} {[%emt 00:05:43]} Ng4 {[%clk 01:18:37]}
{[%emt 00:02:52]} 12. Qxg4 {[%clk 00:54:05]} {[%emt 00:08:11]} d5 {[%clk
01:18:52]} {[%emt 00:00:15]} 13. Qe2 {[%clk 00:54:21]} {[%emt 00:00:14]} dxc4
{[%clk 01:19:13]} {[%emt 00:00:09]} 14. Na3 {[%clk 00:53:11]} {[%emt 00:01:40]}
Qxe5 {[%clk 01:05:14]} {[%emt 00:14:28]} 15. Be3 {[%clk 00:53:07]} {[%emt
00:00:34]} Be6 {[%clk 00:50:22]} {[%emt 00:15:23]} 16. Nxc4 {[%clk 00:53:24]}
{[%emt 00:00:13]} Qc7 {[%clk 00:43:10]} {[%emt 00:07:41]} 17. Nb6 {[%clk
00:50:53]} {[%emt 00:03:02]} Rad8 {[%clk 00:43:13]} {[%emt 00:00:27]} 18. Rac1
{[%clk 00:49:58]} {[%emt 00:01:24]} Qc6 {[%clk 00:39:42]} {[%emt 00:04:03]} 19.
f3 {[%clk 00:42:21]} {[%emt 00:08:06]} Be5 {[%clk 00:36:09]} {[%emt 00:04:02]}
20. c4 {[%clk 00:37:25]} {[%emt 00:05:26]} Qc7 {[%clk 00:31:52]} {[%emt
00:04:48]} 21. g3 {[%clk 00:30:08]} {[%emt 00:07:47]} Bd4 {[%clk 00:28:58]}
{[%emt 00:03:24]} 22. Nd5 {[%clk 00:25:10]} {[%emt 00:05:28]} Bxe3+ {[%clk
00:25:27]} {[%emt 00:04:01]} 23. Qxe3 {[%clk 00:21:37]} {[%emt 00:04:02]} Bxd5
{[%clk 00:24:31]} {[%emt 00:01:26]} 24. cxd5 {[%clk 00:22:02]} {[%emt
00:00:05]} Qa5 {[%clk 00:23:04]} {[%emt 00:01:57]} 25. Qxe7 {[%clk 00:17:59]}
{[%emt 00:04:33]} Rxd5 {[%clk 00:09:18]} {[%emt 00:14:17]} 26. Qxb7 {[%clk
00:16:45]} {[%emt 00:01:44]} Rd2 {[%clk 00:09:01]} {[%emt 00:00:47]} 27. Rc8
{[%clk 00:16:03]} {[%emt 00:01:12]} Qxa4 {[%clk 00:06:10]} {[%emt 00:03:21]}
28. Rxf8+ Kxf8 {[%clk 00:06:39]} 29. Qb8+ {[%clk 00:11:17]} {[%emt 00:05:27]}
Kg7 {[%clk 00:06:45]} {[%emt 00:00:24]} 30. Qe5+ {[%clk 00:11:33]} {[%emt
00:00:13]} Kg8 {[%clk 00:06:51]} {[%emt 00:00:25]} 31. Qb8+ {[%clk 00:10:14]}
{[%emt 00:01:48]} Kg7 {[%clk 00:07:13]} {[%emt 00:00:08]} 32. Qe5+ {[%clk
00:10:22]} {[%emt 00:00:22]} 1/2-1/2

[Event "DEM U18w 2024"]
[Site "Willingen GER"]
[Date "2024.05.22"]
[Round "6"]
[White "Pohle, Saskia"]
[Black "Buchholz, Maja Patricia"]
[Result "0-1"]
[Termination "normal"]
[Board "2"]
[WhiteElo "1901"]
[BlackElo "2030"]
[WhiteClock "00:03:36"]
[BlackClock "00:31:29"]
[PlyCount "58"]
[WhiteFideId "16201604"]
[BlackFideId "16200500"]
[EventCountry "GER"]
[EventRounds "9"]
[EventType "swiss"]
[EventDate "2024.05.18"]

1. e4 {[%clk 01:30:57]} {[%emt 00:00:02]} e6 {[%clk 01:30:49]} {[%emt
00:00:12]} 2. d4 {[%clk 01:31:17]} {[%emt 00:00:10]} d5 {[%clk 01:31:10]}
{[%emt 00:00:08]} 3. Nd2 {[%clk 01:31:09]} {[%emt 00:00:39]} c5 {[%clk
01:31:25]} {[%emt 00:00:15]} 4. exd5 {[%clk 01:30:15]} {[%emt 00:01:23]} Qxd5
{[%clk 01:31:32]} {[%emt 00:00:23]} 5. Ngf3 {[%clk 01:29:46]} {[%emt 00:01:00]}
cxd4 {[%clk 01:31:29]} {[%emt 00:00:33]} 6. Bc4 {[%clk 01:29:49]} {[%emt
00:00:27]} Qd6 {[%clk 01:31:48]} {[%emt 00:00:10]} 7. O-O {[%clk 01:29:28]}
{[%emt 00:00:51]} Nf6 {[%clk 01:31:17]} {[%emt 00:01:01]} 8. Nb3 {[%clk
01:29:05]} {[%emt 00:00:53]} Nc6 {[%clk 01:30:51]} {[%emt 00:00:57]} 9. Re1
{[%clk 01:27:11]} {[%emt 00:02:23]} a6 {[%clk 01:30:19]} {[%emt 00:01:02]} 10.
Nbxd4 {[%clk 01:27:19]} {[%emt 00:00:23]} Nxd4 {[%clk 01:30:26]} {[%emt
00:00:23]} 11. Nxd4 {[%clk 01:27:39]} {[%emt 00:00:10]} Qc7 {[%clk 01:30:35]}
{[%emt 00:00:21]} 12. Bf1 {[%clk 01:26:34]} {[%emt 00:01:34]} Be7 {[%clk
01:30:03]} {[%emt 00:01:02]} 13. c4 {[%clk 01:20:31]} {[%emt 00:06:33]} h6
{[%clk 01:22:57]} {[%emt 00:07:37]} 14. b3 {[%clk 01:18:35]} {[%emt 00:02:25]}
O-O {[%clk 01:21:24]} {[%emt 00:02:03]} 15. Bb2 {[%clk 01:16:55]} {[%emt
00:02:10]} b6 {[%clk 01:09:02]} {[%emt 00:12:53]} 16. Bd3 {[%clk 01:09:03]}
{[%emt 00:08:22]} Bb7 {[%clk 01:08:49]} {[%emt 00:00:42]} 17. Qe2 {[%clk
01:07:47]} {[%emt 00:01:46]} Bb4 {[%clk 00:56:57]} {[%emt 00:12:22]} 18. Red1
{[%clk 01:06:46]} {[%emt 00:01:31]} Qf4 {[%clk 00:49:44]} {[%emt 00:07:43]} 19.
h3 {[%clk 00:46:15]} {[%emt 00:21:01]} Bc5 {[%clk 00:41:19]} {[%emt 00:08:55]}
20. b4 {[%clk 00:29:21]} {[%emt 00:17:25]} Bxb4 {[%clk 00:38:24]} {[%emt
00:03:24]} 21. Nxe6 {[%clk 00:27:43]} {[%emt 00:02:08]} fxe6 {[%clk 00:38:13]}
{[%emt 00:00:42]} 22. Qxe6+ {[%clk 00:28:01]} {[%emt 00:00:11]} Kh8 {[%clk
00:38:35]} {[%emt 00:00:08]} 23. Qxb6 {[%clk 00:27:41]} {[%emt 00:00:51]} Bd6
{[%clk 00:36:08]} {[%emt 00:02:55]} 24. f3 {[%clk 00:04:48]} {[%emt 00:23:25]}
Bxf3 {[%clk 00:29:43]} {[%emt 00:06:55]} 25. gxf3 {[%clk 00:04:26]} {[%emt
00:00:52]} Qg3+ {[%clk 00:30:07]} {[%emt 00:00:05]} 26. Kf1 {[%clk 00:04:48]}
{[%emt 00:00:08]} Qxf3+ {[%clk 00:30:21]} {[%emt 00:00:17]} 27. Qf2 {[%clk
00:03:35]} {[%emt 00:01:43]} Qxh3+ {[%clk 00:30:47]} {[%emt 00:00:04]} 28. Ke2
{[%clk 00:03:19]} {[%emt 00:00:46]} Rae8+ {[%clk 00:31:06]} {[%emt 00:00:11]}
29. Kd2 {[%clk 00:03:36]} {[%emt 00:00:12]} Ne4+ {[%clk 00:31:29]} {[%emt
00:00:07]} 0-1

[Event "DEM U18w 2024"]
[Site "Willingen GER"]
[Date "2024.05.22"]
[Round "6"]
[White "Voigt, Anastasia"]
[Black "Stelter, Finja"]
[Result "1/2-1/2"]
[Termination "normal"]
[Board "3"]
[WhiteElo "1992"]
[BlackElo "1637"]
[WhiteClock "00:28:47"]
[BlackClock "00:28:41"]
[PlyCount "84"]
[WhiteFideId "16235223"]
[BlackFideId "16298624"]
[EventCountry "GER"]
[EventRounds "9"]
[EventType "swiss"]
[EventDate "2024.05.18"]

1. e4 {[%clk 01:30:58]} {[%emt 00:00:01]} c5 {[%clk 01:30:53]} {[%emt
00:00:07]} 2. Nf3 {[%clk 01:31:25]} {[%emt 00:00:04]} Nc6 {[%clk 01:31:17]}
{[%emt 00:00:07]} 3. d4 {[%clk 01:31:44]} {[%emt 00:00:10]} cxd4 {[%clk
01:31:35]} {[%emt 00:00:12]} 4. Nxd4 {[%clk 01:32:10]} {[%emt 00:00:04]} Nf6
{[%clk 01:31:54]} {[%emt 00:00:10]} 5. Nc3 {[%clk 01:32:31]} {[%emt 00:00:10]}
d6 {[%clk 01:32:12]} {[%emt 00:00:12]} 6. f3 {[%clk 01:30:52]} {[%emt
00:02:09]} e5 {[%clk 01:31:39]} {[%emt 00:01:02]} 7. Nb3 {[%clk 01:30:19]}
{[%emt 00:01:04]} Be7 {[%clk 01:31:57]} {[%emt 00:00:12]} 8. Be3 {[%clk
01:30:20]} {[%emt 00:00:28]} Be6 {[%clk 01:32:01]} {[%emt 00:00:27]} 9. g4
{[%clk 01:24:55]} {[%emt 00:05:55]} d5 {[%clk 01:29:29]} {[%emt 00:03:02]} 10.
g5 {[%clk 00:54:07]} {[%emt 00:31:17]} d4 {[%clk 01:20:39]} {[%emt 00:09:21]}
11. gxf6 {[%clk 00:54:26]} {[%emt 00:00:11]} Bxf6 {[%clk 01:21:02]} {[%emt
00:00:08]} 12. Nb5 {[%clk 00:50:14]} {[%emt 00:04:41]} dxe3 {[%clk 01:19:38]}
{[%emt 00:01:54]} 13. Qxd8+ {[%clk 00:50:36]} {[%emt 00:00:07]} Rxd8 {[%clk
01:19:07]} {[%emt 00:01:02]} 14. Nc7+ {[%clk 00:50:58]} {[%emt 00:00:08]} Ke7
{[%clk 01:19:09]} {[%emt 00:00:29]} 15. Nxe6 {[%clk 00:51:18]} {[%emt
00:00:08]} Kxe6 {[%clk 01:17:17]} {[%emt 00:02:22]} 16. Bc4+ {[%clk 00:47:22]}
{[%emt 00:04:26]} Ke7 {[%clk 01:16:06]} {[%emt 00:01:41]} 17. c3 {[%clk
00:46:08]} {[%emt 00:01:45]} a5 {[%clk 00:58:47]} {[%emt 00:17:49]} 18. Bd5
{[%clk 00:46:18]} {[%emt 00:00:20]} a4 {[%clk 00:50:40]} {[%emt 00:08:37]} 19.
Nc5 {[%clk 00:46:22]} {[%emt 00:00:26]} Na5 {[%clk 00:47:01]} {[%emt 00:04:05]}
20. Nxa4 {[%clk 00:42:03]} {[%emt 00:04:52]} b5 {[%clk 00:38:08]} {[%emt
00:09:23]} 21. Nc5 {[%clk 00:40:34]} {[%emt 00:01:58]} Nc4 {[%clk 00:36:10]}
{[%emt 00:02:29]} 22. Nd3 {[%clk 00:40:13]} {[%emt 00:00:51]} Nb6 {[%clk
00:31:51]} {[%emt 00:04:50]} 23. Nb4 {[%clk 00:40:10]} {[%emt 00:00:32]} Rd6
{[%clk 00:26:44]} {[%emt 00:05:35]} 24. Ke2 {[%clk 00:39:34]} {[%emt 00:01:06]}
Bg5 {[%clk 00:26:27]} {[%emt 00:00:49]} 25. Rhd1 {[%clk 00:39:08]} {[%emt
00:00:56]} Rh6 {[%clk 00:22:30]} {[%emt 00:04:28]} 26. Rh1 {[%clk 00:39:21]}
{[%emt 00:00:16]} Rd8 {[%clk 00:12:01]} {[%emt 00:10:59]} 27. Rad1 {[%clk
00:37:24]} {[%emt 00:02:25]} Rdd6 {[%clk 00:08:18]} {[%emt 00:04:15]} 28. Nc2
{[%clk 00:28:08]} {[%emt 00:09:46]} Nxd5 {[%clk 00:05:03]} {[%emt 00:03:46]}
29. Rxd5 {[%clk 00:27:45]} {[%emt 00:00:53]} Rxd5 {[%clk 00:05:26]} {[%emt
00:00:07]} 30. exd5 {[%clk 00:28:08]} {[%emt 00:00:06]} Kd6 {[%clk 00:04:26]}
{[%emt 00:01:30]} 31. Nxe3 {[%clk 00:19:43]} {[%emt 00:08:55]} Bxe3 {[%clk
00:04:45]} {[%emt 00:00:11]} 32. Kxe3 {[%clk 00:20:09]} {[%emt 00:00:04]} Kxd5
{[%clk 00:05:02]} {[%emt 00:00:14]} 33. Rd1+ {[%clk 00:20:23]} {[%emt
00:00:15]} Kc6 {[%clk 00:05:02]} {[%emt 00:00:31]} 34. Rd2 {[%clk 00:19:53]}
{[%emt 00:01:00]} Rd6 {[%clk 00:02:45]} {[%emt 00:02:47]} 35. Rc2 {[%clk
00:17:06]} {[%emt 00:03:16]} Kc5 {[%clk 00:02:13]} {[%emt 00:01:02]} 36. b3
{[%clk 00:16:49]} {[%emt 00:00:47]} f5 {[%clk 00:02:11]} {[%emt 00:00:33]} 37.
a3 {[%clk 00:16:31]} {[%emt 00:00:48]} Ra6 {[%clk 00:02:16]} {[%emt 00:00:25]}
38. Ra2 {[%clk 00:15:26]} {[%emt 00:01:34]} g6 {[%clk 00:02:10]} {[%emt
00:00:36]} 39. Kd3 {[%clk 00:06:53]} {[%emt 00:09:03]} h6 {[%clk 00:00:53]}
{[%emt 00:01:48]} 40. h4 {[%clk 00:06:13]} {[%emt 00:01:09]} Rd6+ {[%clk
00:00:48]} {[%emt 00:00:36]} 41. Ke3 {[%clk 00:05:51]} {[%emt 00:00:52]} Ra6
{[%clk 00:28:37]} {[%emt 00:02:41]} 42. Ra1 {[%clk 00:28:47]} {[%emt 00:07:33]}
Ra7 {[%clk 00:28:41]} {[%emt 00:00:27]} 1/2-1/2

[Event "DEM U18w 2024"]
[Site "Willingen GER"]
[Date "2024.05.22"]
[Round "6"]
[White "Racky, Selina"]
[Black "Werner, Rosalie"]
[Result "0-1"]
[Termination "normal"]
[Board "4"]
[WhiteElo "1711"]
[BlackElo "1938"]
[WhiteClock "00:52:09"]
[BlackClock "00:55:30"]
[PlyCount "44"]
[WhiteFideId "16239440"]
[BlackFideId "16223748"]
[EventCountry "GER"]
[EventRounds "9"]
[EventType "swiss"]
[EventDate "2024.05.18"]

1. e4 {[%clk 01:30:54]} {[%emt 00:00:06]} e6 {[%clk 01:30:54]} {[%emt
00:00:07]} 2. d3 {[%clk 01:31:18]} {[%emt 00:00:06]} d5 {[%clk 01:31:17]}
{[%emt 00:00:06]} 3. Nd2 {[%clk 01:31:41]} {[%emt 00:00:07]} Nf6 {[%clk
01:31:33]} {[%emt 00:00:14]} 4. Ngf3 {[%clk 01:31:42]} {[%emt 00:00:28]} Bc5
{[%clk 01:31:12]} {[%emt 00:00:51]} 5. g3 {[%clk 01:30:44]} {[%emt 00:01:28]}
dxe4 {[%clk 01:30:18]} {[%emt 00:01:25]} 6. Ne5 {[%clk 01:20:40]} {[%emt
00:10:33]} Qd4 {[%clk 01:27:18]} {[%emt 00:03:31]} 7. Nxe4 {[%clk 01:11:33]}
{[%emt 00:09:37]} Nxe4 {[%clk 01:21:53]} {[%emt 00:05:55]} 8. Be3 {[%clk
01:10:22]} {[%emt 00:01:42]} Qxe5 {[%clk 01:21:11]} {[%emt 00:01:11]} 9. d4
{[%clk 01:04:54]} {[%emt 00:05:58]} Bb4+ {[%clk 01:16:35]} {[%emt 00:05:06]}
10. c3 {[%clk 01:03:02]} {[%emt 00:02:22]} Qa5 {[%clk 01:15:40]} {[%emt
00:01:25]} 11. cxb4 {[%clk 01:01:34]} {[%emt 00:01:58]} Qxb4+ {[%clk 01:15:38]}
{[%emt 00:00:32]} 12. Ke2 {[%clk 01:01:48]} {[%emt 00:00:16]} Qxb2+ {[%clk
01:15:22]} {[%emt 00:00:47]} 13. Kf3 {[%clk 01:02:00]} {[%emt 00:00:16]} Nc3
{[%clk 01:14:43]} {[%emt 00:01:09]} 14. Qe1 {[%clk 01:01:23]} {[%emt 00:01:08]}
b6 {[%clk 01:14:03]} {[%emt 00:01:10]} 15. Kg4 {[%clk 01:00:12]} {[%emt
00:01:39]} O-O {[%clk 01:10:08]} {[%emt 00:04:26]} 16. Bd2 {[%clk 00:58:57]}
{[%emt 00:01:45]} e5+ {[%clk 01:09:35]} {[%emt 00:01:04]} 17. Kh4 {[%clk
00:57:54]} {[%emt 00:01:33]} exd4 {[%clk 01:09:26]} {[%emt 00:00:39]} 18. Bd3
{[%clk 00:57:22]} {[%emt 00:01:02]} Qb4 {[%clk 01:05:41]} {[%emt 00:04:15]} 19.
f4 {[%clk 00:54:06]} {[%emt 00:03:46]} Qd6 {[%clk 01:02:54]} {[%emt 00:03:17]}
20. f5 {[%clk 00:54:20]} {[%emt 00:00:16]} Bxf5 {[%clk 00:55:37]} {[%emt
00:07:47]} 21. Bxf5 {[%clk 00:52:33]} {[%emt 00:02:16]} Qf6+ {[%clk 00:55:14]}
{[%emt 00:00:53]} 22. Kg4 {[%clk 00:52:09]} {[%emt 00:00:54]} h5+ {[%clk
00:55:30]} {[%emt 00:00:15]} 0-1